书目信息 |
| 题名: |
摩纳哥史
|
|
| 作者: | Smith , 史密斯 著 ;南京大学 译 | |
| 分册: | ||
| 出版信息: | 南京 江苏人民出版社 1978 |
|
| 页数: | 336页 | |
| 开本: | 20cm | |
| 丛书名: | ||
| 单 册: | ||
| 中图分类: | K566 | |
| 科图分类: | ||
| 主题词: | 西欧--历史 | |
| 电子资源: | ||
| ISBN: | ||
| 000 | 00684nam0 2200253 45 | |
| 001 | 0178002460 | |
| 005 | 20060814085213.54 | |
| 010 | @dCNY1.03 | |
| 091 | @a11100.020 | |
| 100 | @a19950725d1978 em y0chiy0121 ea | |
| 101 | 1 | @achi@ceng |
| 102 | @aCN@b320000 | |
| 105 | @ay z 000yy | |
| 200 | 10 | @a摩纳哥史@Amo na ge shi@f(英)史密斯(A.Smith)著@g南京大学《摩纳哥史》翻译组译 |
| 210 | @a南京@c江苏人民出版社@d1978 | |
| 215 | @a336页@d20cm | |
| 300 | @a内部读物 | |
| 606 | 0 | @a西欧@x历史 |
| 690 | @aK566 | |
| 701 | A1 | @aSmith@bA@4著 |
| 701 | 1 | @a史密斯@Ashi mi si@bA.@4著 |
| 712 | 02 | @a南京大学@Anan jing da xue@4译 |
| 801 | 0 | @aCN@bNLC@c20060814 |
| 905 | @f1@b2520@dK566@e1 | |
| 摩纳哥史/(英)史密斯(A.Smith)著/南京大学《摩纳哥史》翻译组译.-南京:江苏人民出版社,1978 |
| 336页;20cm |
| 内部读物 |
| ISBN :CNY1.03 |
| ● |
| 相关链接 |
|
|
|
|
正题名:摩纳哥史
索取号:K566/1
 
预约/预借
| 序号 | 登录号 | 条形码 | 馆藏地/架位号 | 状态 | 备注 |
| 1 | 0002520 | 001916528 | 密集书库/ [索取号:K566/1] | 在馆 | |
| 2 | 0462281 | 204622818 | 密集书库/ [索取号:K566/1] | 在馆 |